000 00600nam a2200229Ia 4500
003 OSt
005 20221006164731.0
006 a|||||r|||| 00| 0
007 ta
008 221006b |||||||| |||| 00| 0 eng d
024 _a1,370
037 _cTextual
040 _aFML
_cFML
_beng
041 _2eng
_aeng
082 _aR14, L6
100 _aLanger Susanne K Au.
_9677408
245 0 _aPhilosophy in a New Key
260 _aCambridge
_bHarvard University Press
_c1976
300 _a313
_ccm.
942 _hR14, L6
_cTEXL
_2CC
999 _c1118278
_d1118278